| 000 | 01437nam a22002897a 4500 | ||
|---|---|---|---|
| 001 | 9999 | ||
| 003 | FISKH | ||
| 005 | 20260325090755.0 | ||
| 008 | 260325b cb ||||| |||| 00| 0 eng d | ||
| 040 |
_aFISKH _beng _cFISKH _dFISKH |
||
| 050 | _aAG5 | ||
| 082 | _a030 | ||
| 100 | _aSmith , Kathie Billingslea | ||
| 245 |
_aWhere ? : _bA discovery toy question book / _cBy Kathie Billingslea Smith : Illustrated by Robert S. Storms |
||
| 260 |
_aCalifornia : _bDiscovery Toys , _c1985. |
||
| 300 |
_a24 unnumbered pages : _bcolor illustrations ; _c20 cm . |
||
| 490 | _aQuestion Book | ||
| 505 | _aJ | ||
| 520 | _aWhen a child is once again on the receiving end of the dreaded question "Where are you from?" their answer takes readers on an intergalactic journey through the cosmos. Traveling across space and time, past collapsing stars and nebulae, the young narrator reminds us not of our differences but of our shared humanity. Debut author Jordan Collins's poetic prose, informed by lived experience, and Phil Lesnie's stunning illustrations create a powerful story that celebrates our intricate and beautiful connections with one another. | ||
| 521 | 8 |
_a500
_bLexile estimate |
|
| 521 | 8 |
_aJ
_bRaz-Plus |
|
| 650 |
_aQuestion and answer _vChildren's non-fiction |
||
| 650 |
_aSocial studies _vChildren's non-fiction |
||
| 700 |
_aStorms , Robert S. _eIllustrator |
||
| 942 |
_2ddc _cBK _n0 |
||
| 999 |
_c9999 _d9999 |
||